00665nam a2200205 i 4500001000700000003000900007005001700016007000300033008004100036080001600077100002700093245005900120250001200179260003600191300003000227650002500257852003200282999001900314952012600333147082ES-MaACL20250901073804.0t|070921s1961 sp ||||1| spa d a621.396(02)1 aDarkness, R. J.94273113aLa radio en 800 montajes / cR.J. de Darkness [seud.]. a1ª ed. aBarcelona : bBruguera, c1961. a240 p. : bil. ; c19 cm. 7aRadio2embne9153758 aES-MaACLjC-20325 bR.48763 c147082d147082 00104070aATENEOMbATENEOMcGaleríad2008-01-17eSCl0oC-20325p1153495r2023-02-23 00:00:00w2023-02-23yMONOGRAFIA